000 00489nam a2200205Ia 4500
005 20250425160811.0
008 250425s9999 xx 000 0 und d
020 _a855010118
041 _aeng
082 _a544.923
100 _aPATERSON, RUSSELL
245 0 _aAN INTRODUCTION TO ION EXCHANGE
250 _a1TH ED.
260 _aLONDON
260 _aReino Unido
_bHEYDEN & SON LIMITED
_c1970
300 _a109
650 _aINTERCAMBIO IONICO
942 _c01
010 _a5499
999 _c196379
_d196379